Statistiques concernant Gouvernorats de Tunisie - Carte Quiz

Cliquez ici pour prendre le quiz!

Statistiques générales

  • Ce quiz a été pris 35 fois
  • Le résultat moyen est 9 sur 24

Réponses sur la Carte

Les réponses sont colorées sur une échelle allant du rouge au vert en fonction du pourcentage des utilisateurs qui les ont devinées à leur premier essai. Vous pouvez retrouver ces pourcentages ci-dessous.
 

Statistiques - réponses

Réponse% Correct
Tataouine
67%
Sfax
56%
Sousse
56%
Nabeul
52%
Tunis
48%
Bizerte
44%
Béja
41%
Ben Arous
41%
Gafsa
41%
Médenine
41%
Tozeur
41%
Gabès
37%
Ariana
33%
Jendouba
33%
Kairouan
33%
Kasserine
33%
Siliana
33%
Zaghouan
33%
Mahdia
30%
Le Kef
26%
Monastir
26%
Sidi Bouzid
26%
Kébili
22%
La Manouba
19%

Distribution des résultats

Percentile par nombre de réponses

% des personnes avec chaque résultat

Votre développement - résultats

Vous n’avez pas pris ce quiz